00747nam a2200217Ia 4500003000400000005001700004008004100021020001800062040000700080041000800087082002200095100003100117245006900148260005400217300001700271365000800288906007600296942001200372999001900384952012600403OSt20230420104902.0210423s2009 xx 000 0 und d a9780821848593 cAL aeng a515.35 223bEVAL aEVANS (Lawrence C).990877 aPartial differential equations: graduate studies in mathematics. aRhode IslandbAmerican mathematical societyc2009 axvii,662bPB cINR adifferential ; equations: ; graduate ; mathematics. ; Partial ; studies 2ddccBK c160784d160784 001040708MATaSACPGbSACPGd2012-09-11eKnowledge Worldl0o515.35 EVALpPG007263r2022-08-24 00:00:00w2021-04-26yBK